Reflexiones acerca del poder tributario y la coparticipación impositiva en el ámbito municipal (Registro nro. 24074)
[ vista simple ]
| 000 -LEADER | |
|---|---|
| fixed length control field | 00398 a2200121 4500 |
| 001 - CONTROL NUMBER | |
| control field | ART_32735 |
| 005 - DATE AND TIME OF LATEST TRANSACTION | |
| control field | 20260410161841.0 |
| 008 - FIXED-LENGTH DATA ELEMENTS--GENERAL INFORMATION | |
| fixed length control field | 260409a |
| 100 1# - MAIN ENTRY--PERSONAL NAME | |
| Personal name | Caiero, Verónica |
| 245 10 - TITLE STATEMENT | |
| Title | Reflexiones acerca del poder tributario y la coparticipación impositiva en el ámbito municipal |
| 700 1# - ADDED ENTRY--PERSONAL NAME | |
| Personal name | Schurig, Harry |
| 773 0# - HOST ITEM ENTRY | |
| Title | RAP |
| Related parts | - Año 37, Nº 443 (ago. 2015) |
| Record control number | REV5941 |
No hay ítems disponibles.